Statistiques concernant Paroles le chant des sirènes-Fréro Delavega

Cliquez ici pour prendre le quiz!

Statistiques générales

  • Ce quiz a été pris 374 fois
  • Le résultat moyen est 173 sur 219

Statistiques - réponses

Réponse% Correct
de
99%
des
99%
Le
99%
le
99%
sirènes
98%
chant
97%
la
97%
en
96%
les
96%
Les
96%
me
96%
à
93%
Et
93%
hiver
92%
larmes
90%
oh
90%
Oh
90%
Quand
90%
souvenirs
90%
Je
89%
je
89%
solitaire
89%
viennent
89%
mélancolie
88%
replonge
88%
s'en
88%
cruelle
87%
Au
86%
ce
86%
harmonie
86%
m'abandonne
85%
gré
84%
grè
84%
mêlent
84%
ces
83%
ne
83%
saisons
83%
fluette
82%
du
81%
photomatons
81%
d'autrefois
80%
euphorie
80%
décisions
79%
plages
78%
lueurs
77%
sable
77%
dune
76%
Enfants
76%
mes
76%
gamins
75%
sur
75%
vent
75%
châteaux
74%
temps
74%
doigts
72%
Pyla
69%
menace
68%
parcs
68%
façonnés
67%
hélas
65%
personne
65%
passent
63%
années
62%
n'épargne
62%
s'évade
61%
que
56%
l'écho
53%
combien
50%
Combien
50%
laissé
49%
là-bas
48%
dans
47%
avant
46%
Avons-nous
45%
m'y
45%
noie
44%
frasques
41%
masques
41%
vacarme
40%
armes
39%
large
39%
traces
39%
Prendre
38%
farces
36%
Poser
34%
calme
33%
Trouver
31%
Tadalala
15%
Tadalalala
10%

Distribution des résultats

Percentile par nombre de réponses

% des personnes avec chaque résultat

Votre développement - résultats

Vous n’avez pas pris ce quiz